Statistics for PDC Major Tournament winners (1994-2023)

Click here to take the quiz!

General Stats

  • This quiz has been taken 315 times
    (35 since last reset)
  • The average score is 26 of 41

Answer Stats

Answer% Correct
Phil Taylor
100%
Gary Anderson
96%
Gerwyn Price
96%
Luke Humphries
96%
Michael Smith
96%
Michael van Gerwen
96%
Raymond van Barneveld
96%
Peter Wright
93%
Ross Smith
93%
Adrian Lewis
89%
Rob Cross
89%
John Part
85%
James Wade
81%
Dennis Priestley
78%
Simon Whitlock
78%
Jonny Clayton
70%
José de Sousa
70%
Danny Noppert
67%
Dimitri Van den Bergh
67%
Joe Cullen
67%
Damon Heta
63%
Andrew Gilding
59%
Daryl Gurney
59%
Chris Dobey
56%
Nathan Aspinall
56%
Glen Durrant
52%
John Henderson
52%
Peter Manley
52%
Robert Thornton
48%
Colin Lloyd
44%
Mensur Suljović
44%
Co Stompé
41%
Roland Scholten
41%
Kevin Painter
37%
Rod Harrington
37%
Scott Waites
37%
Colin Osborne
33%
Paul Nicholson
33%
Alan Warriner
30%
Larry Butler
30%
Peter Evison
22%

Score Distribution

Percentile by Number Answered

Percent of People with Each Score

Your Score History

You have not taken this quiz since the last reset